000 01075nam a22002774aa4500
003 BOFEUTO
005 20260512164853.0
008 260504t2023 bo gr 000 f spa d
040 _6BOFEUTO
_aBOFEUTO
_cBOFEUTO
041 _aspa
044 _abo
082 _aTE6306
_bP113d
100 _aPacheco Arroyo, Erick Vladimir
_eautor
245 _aDiseño de un plan estratégico de marketing industrial para la Empresa Molinos de Sal Santiago de la ciudad de Oruro. /
_cErick Vladimir Pacheco Arroyo, Jambler Eudoro Fuentes Sotomayor
260 _aOruro :
_bs/n,
_c2023.
300 _a147 hojas ;
_bgráf, tab. ;
_c28.5 cm.
502 _aIncluye bibliografía, anexos.
520 _aTesis Dirigida, (Licenciatura) -- Universidad Técnica de Oruro, Facultad de Ciencias Económicas, Financieras y Administrativas, Carrera Administración de Empresas, 2023.
650 _aAdministración
653 _aPlan Estratégico
653 _aDiseño
653 _aIndustrial
653 _aEmpresa
700 _aFuentes Sotomayor, Jambler Eudoro
_etutor
942 _2ddc
_cTE
_n0
999 _c16161
_d16161